|
|
|
|
| LEADER |
00778naa a2200217 i 4500 |
| 001 |
publ4125 |
| 005 |
20180801153357.0 |
| 008 |
140205s2013 hu o 0|| zxx d |
| 020 |
|
|
|a 978-3-642-20594-1
|
| 024 |
7 |
|
|a 10.1007/978-3-642-20595-8_5
|2 doi
|
| 024 |
7 |
|
|a 2194915
|2 mtmt
|
| 040 |
|
|
|a SZTE Publicatio Repozitórium
|b hun
|
| 041 |
|
|
|a zxx
|
| 100 |
1 |
|
|a Kukovecz Ákos
|
| 245 |
1 |
0 |
|a Multi-walled carbon nanotubes
|h [elektronikus dokumentum] /
|c Kukovecz Ákos
|
| 260 |
|
|
|a Springer
|b Berlin-Heidelberg
|c 2013
|
| 300 |
|
|
|a 147-188
|
| 490 |
0 |
|
|a Springer handbook of nanomaterials (ed. Robert Vajtai)
|
| 700 |
0 |
1 |
|a Kozma Gábor
|e aut
|
| 700 |
0 |
1 |
|a Kónya Zoltán
|e aut
|
| 856 |
4 |
0 |
|u http://publicatio.bibl.u-szeged.hu/4125/1/hb22-005%20corrected%20by%20author%20final.pdf
|z Dokumentum-elérés
|